Guess the Taylor Swift song performance by the picture - Statistics

General Stats
  • This quiz has been taken 76 times
  • The average score is 18 of 20
Answer Stats
Picture Answer % Correct
22
100%
The man
100%
Vigilante shit
98%
Fearless
96%
Long live
96%
All too well 10 minute version
93%
Enchanted
93%
Lover
93%
Karma
91%
Love story
91%
Midnight rain
91%
Anti hero
89%
illicit affairs
87%
Ready for it
87%
Champagne problems
85%
You belong with me
85%
Delicate
83%
Marjorie
83%
August
80%
Surprise songs
63%
No matching quizzes found
Score Distribution
Percent of People with Each Score
Percentile by Number Answered
Your Score History
You have not taken this quiz